Grand Canyon : (Record no. 1224)

MARC details
000 -LEADER
fixed length control field 00892pam a2200265 a 4500
005 - DATE AND TIME OF LATEST TRANSACTION
control field 20260322212052.0
008 - FIXED-LENGTH DATA ELEMENTS--GENERAL INFORMATION
fixed length control field data
010 ## - LIBRARY OF CONGRESS CONTROL NUMBER
LC control number 89033054
020 ## - INTERNATIONAL STANDARD BOOK NUMBER
International Standard Book Number 0816511128 (alk. paper)
020 ## - INTERNATIONAL STANDARD BOOK NUMBER
International Standard Book Number 9780816511129 (alk. paper)
040 ## - CATALOGING SOURCE
Original cataloging agency DLC
Transcribing agency DLC
Modifying agency DLC
043 ## - GEOGRAPHIC AREA CODE
Geographic area code n-us-az
050 00 - LIBRARY OF CONGRESS CALL NUMBER
Classification number F788
Item number .K88 1989
082 00 - DEWEY DECIMAL CLASSIFICATION NUMBER
Classification number 979.1/32
Edition information 20
092 ## - LOCALLY ASSIGNED DEWEY CALL NUMBER (OCLC)
Classification number 979.1 K88 1989
001 - CONTROL NUMBER
control field data
100 1# - MAIN ENTRY--PERSONAL NAME
Personal name Krutch, Joseph Wood,
Dates associated with a name 1893-1970.
245 10 - TITLE STATEMENT
Title Grand Canyon :
Remainder of title today and all its yesterdays /
Statement of responsibility, etc. Joseph Wood Krutch.
260 ## - PUBLICATION, DISTRIBUTION, ETC.
Place of publication, distribution, etc. Tucson :
Name of publisher, distributor, etc. University of Arizona Press,
Date of publication, distribution, etc. c1989.
300 ## - PHYSICAL DESCRIPTION
Extent 276 p. :
Other physical details ill. ;
Dimensions 22 cm.
500 ## - GENERAL NOTE
General note Reprint. Originally published: New York : W. Sloane Associates, 1958.
600 10 - SUBJECT ADDED ENTRY--PERSONAL NAME
Personal name Krutch, Joseph Wood,
Dates associated with a name 1893-1970
General subdivision Travel
Geographic subdivision Grand Canyon.
-- Grand Canyon.
651 #0 - SUBJECT ADDED ENTRY--GEOGRAPHIC NAME
Geographic name Grand Canyon (Ariz.)
General subdivision Description and travel.
651 #0 - SUBJECT ADDED ENTRY--GEOGRAPHIC NAME
Geographic name Grand Canyon (Ariz.)
General subdivision History.
Holdings
Withdrawn status Lost status Damaged status Not for loan Home library Current library Shelving location Date acquired Total checkouts Full call number Barcode Date last seen Price effective from Koha item type
        Pleasant Valley Pleasant Valley General stacks 22/03/2026   979.1/32 20 BC0011264 22/03/2026 22/03/2026 Books